| 000 | 00515nam a2200169Ia 4500 | ||
|---|---|---|---|
| 008 | 090201s9999 xx 000 0 und d | ||
| 010 | _aKPL-32178 | ||
| 040 | _bमराठी | ||
| 041 | _aमराठी | ||
| 082 |
_a35534 _b32178 |
||
| 100 | _aब. गं. बापट | ||
| 245 |
_aवैदीक गणित _cब. गं. बापट |
||
| 260 |
_c2004 _bउज्वल ग्रंथ भांडार |
||
| 300 |
_a70 _bमोठा |
||
| 600 | _aवैदीक गणित | ||
| 942 | _cBOOK | ||
| 999 |
_c233609 _d233609 |
||